Des prélèvements leur technique en vue des examens bacteriológiques, chimiques, parasitologiques et biologiques les plus couramment utilisés / (Record no. 90264)

MARC details
000 -LEADER
campo de control de longitud fija 00609nam a2200181 i 4500
001 - NÚMERO DE CONTROL
campo de control 90264
003 - IDENTIFICADOR DE NÚMERO DE CONTROL
campo de control ES-MaACL
005 - FECHA Y HORA DE LA ÚLTIMA TRANSACCIÓN
campo de control 20230906180409.0
007 - CAMPO FIJO DE DESCRIPCIÓN FÍSICA--INFORMACIÓN GENERAL
campo de control de longitud fija t|
008 - DATOS DE LONGITUD FIJA--INFORMACIÓN GENERAL
campo de control de longitud fija 050119s1921 fr ||||1| fre d
100 1# - ENTRADA PRINCIPAL--NOMBRE DE PERSONA
Nombre de persona Legeay, J.
9 (RLIN) 71268
245 14 - MENCIÓN DEL TÍTULO
Título Des prélèvements leur technique en vue des examens bacteriológiques, chimiques, parasitologiques et biologiques les plus couramment utilisés /
Mención de responsabilidad, etc. par A. Liot ; préface de M. Louste.
260 ## - PUBLICACIÓN, DISTRIBUCIÓN, ETC.
Lugar de publicación, distribución, etc. Paris :
Nombre del editor, distribuidor, etc. Vigot Frères,
Fecha de publicación, distribución, etc. 1921.
300 ## - DESCRIPCIÓN FÍSICA
Extensión III, 96 p. ;
Dimensiones 25 cm.
700 1# - ENTRADA AGREGADA--NOMBRE PERSONAL
Nombre de persona Liot, A.
9 (RLIN) 72490
700 1# - ENTRADA AGREGADA--NOMBRE PERSONAL
Nombre de persona Louste.
9 (RLIN) 74334
852 ## - LOCALIZACIÓN
Ubicación ES-MaACL
Número de control de estantería E-1377
Holdings
Estatus retirado Estado de pérdida Estado de daño No para préstamo Biblioteca de origen Biblioteca actual Ubicación en estantería Fecha de adquisición Fuente de adquisición Total de préstamos Signatura topográfica completa Código de barras Visto por última vez Precio de reemplazo Tipo de ítem Koha
        Biblioteca del Ateneo de Madrid Biblioteca del Ateneo de Madrid Depósito 2 17/01/2008     E-1377 1094258 23/02/2023 23/02/2023 Libro impreso